Biophysics of DNA-protein interactions : (رقم التسجيلة. 26592)
[ عرض عادي ]
| 000 -الفاتح | |
|---|---|
| حقل البيانات ثابتة الطول | 01757cam a22004577a 4500 |
| 001 - رقم الضبط | |
| رقم الضبط | 16423603 |
| 003 - محدد رقم الضبط | |
| رقم الضبط | OSt |
| 005 - وقت وتاريخ اخر تعامل مع التسجيلة | |
| رقم الضبط | 20150408114106.0 |
| 008 - عناصر البيانات ثابتة الطول - معلومات عامة | |
| حقل البيانات ثابتة الطول | 100819s2011 nyua b 001 0 eng |
| 010 ## - رقم ضبط مكتبة الكونجرس | |
| رقم ضبط مكتبة الكونجرس | 2010935301 |
| 015 ## - رقم الببليوجرافية الوطنية | |
| رقم الببليوجرافية الوطنية | GBB033088 |
| المصدر | bnb |
| 016 7# - رقم ضبط الوكاله الوطنية للضبط الببليوجرافي | |
| رقم ضبط التسجيلة | 101558419 |
| المصدر | DNLM |
| 016 7# - رقم ضبط الوكاله الوطنية للضبط الببليوجرافي | |
| رقم ضبط التسجيلة | 015499361 |
| المصدر | Uk |
| 020 ## - الرقم الدولى المعيارى للكتب | |
| الرقم الدولى المعيارى للكتاب | 9780387928074 (hbk. : alk. paper) |
| 020 ## - الرقم الدولى المعيارى للكتب | |
| الرقم الدولى المعيارى للكتاب | 0387928073 (hbk. : alk. paper) |
| 020 ## - الرقم الدولى المعيارى للكتب | |
| الرقم الدولى المعيارى للكتاب | 9780387928081 (eISBN) |
| 020 ## - الرقم الدولى المعيارى للكتب | |
| الرقم الدولى المعيارى للكتاب | 0387928081 (eISBN) |
| 035 ## - رقم ضبط النظام | |
| رقم ضبط النظام | (OCoLC)ocn495780941 |
| 040 ## - مصدر الفهرسة | |
| وكالة الفهرسة الأصلية | NLM |
| وكالة النسخ | NLM |
| وكالة التعديل | UKM |
| -- | BTCTA |
| -- | OHX |
| -- | YDXCP |
| -- | C#P |
| -- | BWX |
| -- | CDX |
| -- | AGL |
| -- | VRC |
| -- | DLC |
| 042 ## - رمز التحقق | |
| رمز التحقق | nlmcopyc |
| -- | lccopycat |
| 050 00 - رقم طلب مكتبة الكونجرس | |
| رقم التصنيف | QP624.75.P74 |
| رقم المادة | B56 2011 |
| 060 00 - رقم الطلب بالمكتبة الطبية الوطنية | |
| رقم التصنيف | 2011 F-766 |
| 060 10 - رقم الطلب بالمكتبة الطبية الوطنية | |
| رقم التصنيف | QU 58.5 |
| 070 0# - رقم الطلب بالمكتبة الوطنية الزراعية | |
| رقم التصنيف | QP624.75.P74 |
| رقم المادة | B56 2011 |
| 082 04 - رقم تصنيف ديوى العشرى | |
| رقم التصنيف | 572.864 |
| رقم الطبعة | 22 |
| رقم المادة | BID |
| 245 00 - بيان العنوان | |
| العنوان | Biophysics of DNA-protein interactions : |
| بقية العنوان | from single molecules to biological systems / |
| بيان المسئوليه,etc | Mark C. Williams, L. James Maher, III, editors. |
| 260 ## - PUBLICATION, DISTRIBUTION, ETC. (IMPRINT) | |
| مكان الناشر او الموزع | New York : |
| اسم الناشر او الموزع | Springer, |
| تاريخ النشر أو التوزيع | c2011. |
| 300 ## - الوصف المادى | |
| التعداد | x, 349 p. : |
| تفاصيل ماديه اخرى للوعاء | ill. (some col.) ; |
| أبعاد الوعاء | 24 cm. |
| 490 1# - بيان السلسلة | |
| عنوان السلسلة | Biological and medical physics, biomedical engineering |
| 504 ## - تبصرة ببليوجرافية | |
| تبصرة ببليوجرافية,الخ | Includes bibliographical references and index. |
| 650 #0 - المدخل الاضافى بالموضوع-مصطلح موضوعى | |
| مصطلح موضوعي أو اسم جغرافي كعنصر مدخل | DNA-protein interactions. |
| 9 (RLIN) | 18855 |
| 650 #0 - المدخل الاضافى بالموضوع-مصطلح موضوعى | |
| مصطلح موضوعي أو اسم جغرافي كعنصر مدخل | Molecular biology. |
| 9 (RLIN) | 6621 |
| 650 12 - المدخل الاضافى بالموضوع-مصطلح موضوعى | |
| مصطلح موضوعي أو اسم جغرافي كعنصر مدخل | DNA-Binding Proteins. |
| 9 (RLIN) | 18856 |
| 650 22 - المدخل الاضافى بالموضوع-مصطلح موضوعى | |
| مصطلح موضوعي أو اسم جغرافي كعنصر مدخل | Biophysical Phenomena. |
| 9 (RLIN) | 18857 |
| 700 1# - المدخل الاضافى - اسم شخصى | |
| الإسم الشخصى | Williams, Mark C. |
| الشكل الأكمل للاسم | (Mark Christian) |
| 9 (RLIN) | 18858 |
| 700 1# - المدخل الاضافى - اسم شخصى | |
| الإسم الشخصى | Maher, L. James |
| الشكل الأكمل للاسم | (Louis James), |
| التواريخ المصاحبة للاسم | 1960- |
| 9 (RLIN) | 18859 |
| 830 #0 - المدخل الاضافى بالسلسلة -عنوان موحد | |
| عنوان موحد | Biological and medical physics, biomedical engineering. |
| 9 (RLIN) | 18860 |
| 906 ## - عنصر بيانات محلى F, LDF (RLIN) | |
| a | 7 |
| b | cbc |
| c | copycat |
| d | 2 |
| e | ncip |
| f | 20 |
| g | y-gencatlg |
| 942 ## - عناصر المدخل الإضافي( كوها) | |
| مصدر التصنيف او مخطط الترفيف | Dewey Decimal Classification |
| Koha [default] item type | DVD |
| حالة الفقد | نموذج السعر الفعال | حالة تلف | ليس للاعارة | رقم الطلب | تاريخ الاكتساب | الموقع الحالي | الباركود | الفرع الرئيسي | Date last seen | نوع المادة فى نظام كوها | مصدر التصنيف او خطة الترفيف | Total Checkouts |
|---|---|---|---|---|---|---|---|---|---|---|---|---|
| 2013-03-10 | 572.864 BID | 2012-12-27 | المكتبة المركزية بالمجمعة (CL) | 00400671 | المكتبة المركزية بالمجمعة (CL) | 2013-03-10 | كتاب | Dewey Decimal Classification | ||||
| 2013-03-10 | 572.864 BID | 2012-12-27 | المكتبة المركزية بالمجمعة (CL) | 00400670 | المكتبة المركزية بالمجمعة (CL) | 2013-03-10 | كتاب | Dewey Decimal Classification | ||||
| 2013-03-10 | 572.864 BID | 2012-12-27 | المكتبة المركزية بالمجمعة (CL) | 00400669 | المكتبة المركزية بالمجمعة (CL) | 2013-03-10 | كتاب | Dewey Decimal Classification |
